000 00971cam a2200253 4500
001 ABS62629
008 000000n2000 000 0 eng u
035 _a(Sirsi) u107186
100 _aBeasley, A.
245 _aTenancy minefield
260 _c2000
490 _aProperty Week
_v65(26) 30 June 2000, 66-67(2)
520 _aConsiders a recent House of Lords decision in an agricultural periodic tenancy case "Barrett v Morgan" which has implications for commercial property transactions when companies undertake sale-and-leasebacks. The case establishes legal principles which can be applied to fixed-term tenancies subject to break options.
590 _aABS
650 _aSALE AND LEASEBACK
650 _aFIXED TERM TENANCIES
650 _aBREAK OPTIONS
650 _aBARRETT V MORGAN
650 _aSUBLEASES
650 _aCOMMERCIAL PROPERTY TRANSACTIONS
690 _aLANDLORD AND TENANT-AGRICULTURAL TENANCIES
700 _aDunn, G.
942 _n0
999 _c64074
_d64074